Spotřebitelé jsou v zajetí emocí a podvědomí

Orientácia spotrebiteľského výskumu na podvedomie a emócie spotrebiteľa. Klesanie dôrazu na racionalitu. Význam pozorovania pri spotrebiteľskom výskume. Etnografia v spotrebiteľskom výskume. Zameranie výskumu na interpersonálnu komunikáciu ( word-of-mouth).

Saved in:
Bibliographic Details
Main Author: Tomek, Ivan
Format: Book Chapter
Language:Czech
Subjects:
Tags: Add Tag
No Tags, Be the first to tag this record!

MARC

LEADER 00000naa$a2200000$$$4500
001 0066231
005 20231018130709.9
041 0 |a cze 
044 |a CZ 
245 1 0 |a Spotřebitelé jsou v zajetí emocí a podvědomí  |c Ivan Tomek 
520 |a Orientácia spotrebiteľského výskumu na podvedomie a emócie spotrebiteľa. Klesanie dôrazu na racionalitu. Význam pozorovania pri spotrebiteľskom výskume. Etnografia v spotrebiteľskom výskume. Zameranie výskumu na interpersonálnu komunikáciu ( word-of-mouth). 
610 2 0 |a spotrebitelia 
610 2 0 |a správanie spotrebiteľa 
610 2 0 |a prieskum spotrebiteľský 
610 2 0 |a komunikácia interpersonálna 
610 2 0 |a etnografia 
610 2 0 |a marketing 
610 2 0 |a výskum 
100 1 |a Tomek, Ivan